000 00556nam a22001577a 4500
003 OSt
005 20151104162220.0
008 151104b xxu||||| |||| 00| 0 eng d
040 _cRUA
082 _aFOR សំ 1994 B119 Or.1
100 _93375
_aសំ ហាន
245 _aវាយតម្លៃ លើលទ្ធផលកសិ-រុក្ខកម្មរយៈពេលខ្លី នៅស្ថានីយ៍ដំាឈើកំចាយមារ;
260 _aPhnom Penh
_bRUA
_c1994
300 _a67p.
_bill.
_c29cm.
942 _2ddc
_cFOR
999 _c3148
_d3148